000 00449nam a2200193Ia 4500
008 240510s9999 xx 000 0 und d
020 _a003061693x
041 _aEng
082 _a005.74
082 _bB61
100 _aBRADLEY, J.
245 0 _aIntroduction to Database Management in Business
260 _bCBS College Publishing
260 _c1983
300 _a620 p.
650 _aDatabase management
942 _2ddc
942 _cRBK
999 _c23689
_d23689
945 _a1
_bMadushi Gamage
_c1
_dMadushi Gamage